| 000 | 01065nam0a2200313 4500 | ||
|---|---|---|---|
| 001 | RU\NLR\bibl\515631 | ||
| 005 | 20250609143659.0 | ||
| 010 |
_a5-17-021866-4 _bАСТ |
||
| 010 |
_a5-271-07875-2 _bАстрель _95000 |
||
| 021 |
_aRU _b2004-14819 _9763 |
||
| 035 | _a(NLR Aleph) 000508070 | ||
| 090 |
_a1215620 _c1215620 |
||
| 100 | _a20040428d2004 |||y0rusy50 ca | ||
| 101 | 1 |
_arus _cfre |
|
| 102 | _aRU | ||
| 105 | _ay ||||||||| | ||
| 200 | 1 |
_aОсновные события Средневековья _fЖан Делорм _g[Пер. с фр. Е.В. Шукшиной] |
|
| 210 |
_aМ. _cАСТ _cАстрель _d2004 |
||
| 215 |
_a157, [2] с. _d18 |
||
| 225 | 1 | _aCogito, ergo sum | |
| 225 | 1 |
_aУниверситетская библиотека _v1 |
|
| 606 | 0 |
_aСредние века _xИстория _xХронология _92329653 _3RU\NLR\auth\661393208 |
|
| 686 | _aТ3(0)4я28 | ||
| 700 | 1 |
_aДелорм _bЖ. _gЖан _4070 |
|
| 801 | 0 |
_aRU _bNLR _c20040428 _gPSBO |
|
| 801 | 1 |
_aRU _bNLR _c20040428 |
|
| 942 | _cBOOK | ||
| 980 | _aNB | ||